Lord Cochrane en Chile: según las memorias de su secretario privado Mr. William Bennet Stevenson
Salvato in:
| Autore principale: | |
|---|---|
| Natura: | Libro |
| Lingua: | spagnolo |
| Pubblicazione: |
Valparaíso, Chile
El Mercurio
1917
|
| Soggetti: | |
| Tags: |
Aggiungi Tag
Nessun Tag, puoi essere il primo ad aggiungerne!!
|
MARC
| LEADER | 00000nam a2200000 a 4500 | ||
|---|---|---|---|
| 001 | UCO2108 | ||
| 003 | CL-VaPUC | ||
| 005 | 20211008111649.0 | ||
| 008 | 000602e19170000CL |||||||||||||||||spa|d | ||
| 999 | |c 288648 |d 288646 | ||
| 040 | |c Pontificia Universidad Católica de Valparaíso | ||
| 082 | 0 | 4 | |a 983.0099 PER 1917 |2 21 |
| 100 | 0 | |a Pérez Canto, Julio |e author |9 444929 | |
| 245 | 1 | 0 | |a Lord Cochrane en Chile: |b según las memorias de su secretario privado Mr. William Bennet Stevenson |
| 260 | |a Valparaíso, Chile |b El Mercurio |c 1917 | ||
| 300 | |a 228 páginas | ||
| 500 | |a Estatua de Cochrane en Valparaíso | ||
| 583 | |a last modification |c 20000602 00:00:00 |k Rodrigo Vera | ||
| 600 | 0 | 7 | |a STEVENSON, WILLIAM BENNET |2 CL-VaPUC |9 444930 |
| 600 | 0 | |a Cochrane, Thomas Alexander |9 438892 | |
| 650 | 0 | |a Historia de Chile |9 265473 | |
| 650 | 0 | |a Guerra de la independencia |9 331979 | |
| 650 | 7 | |a MEMORIAS |2 CL-VaPUC |9 269159 |z CHILE | |
| 650 | 0 | |a Historia naval |z CHILE |9 268284 | |
| 852 | |a BIBCUR | ||
| 942 | |c BK |2 ddc | ||
| 945 | |d 20000602 00:00:00 |a crobeson | ||
| 952 | |0 0 |1 0 |2 ddc |4 0 |6 983_009900000000000_PER_1917 |7 0 |8 X |9 336487 |a BIBHIS |b BIBHIS |d 2019-11-20 |i 1278851 |o 983.0099 PER 1917 |p 1278851 |r 2024-01-30 |t 1 |w 2019-11-20 |y BK_X |k HIS | ||
| 952 | |0 0 |1 0 |2 ddc |4 0 |6 983_009900000000000_PER_1917 |7 0 |8 X |9 336488 |a FDOBUD |b FDOBUD |d 2019-11-20 |i 1033255 |o 983.0099 PER 1917 |p 1033255 |r 2019-11-20 |t 2 |w 2019-11-20 |y BK_X |k BUD | ||